00362nam a2200145Ia 4500008004000000020001500040041000800055082001600063100002300079245002500102260004800127300001200175650001400187650001500201210210b2006 xxu||||| |||| 00| 0 eng d a0521695597 aeng a320.01 OHEP aOHEAR (Anthony) Ed aPolitical philosophy aCambridgebCambridge University Pressc2006 avii-246 aPolitical aphilosophy